|
|
|
|
| LEADER |
00000nam0a2200000 4500 |
| 001 |
309116 |
| 005 |
20231102002147.0 |
| 035 |
|
|
|a (RuTPU)RU\TPU\book\334438
|
| 090 |
|
|
|a 309116
|
| 100 |
|
|
|a 20151110d1979 m y0rusy50 ca
|
| 101 |
0 |
|
|a rus
|
| 102 |
|
|
|a BY
|
| 105 |
|
|
|a a j 000zy
|
| 200 |
1 |
|
|a Сборник задач по алгебре и геометрии
|f А. А. Бурдун, Е. А. Мурашко, А. С. Феденко
|
| 210 |
|
|
|a Минск
|c Изд-во БГУ
|d 1979
|
| 215 |
|
|
|a 200 с.
|c ил.
|
| 606 |
1 |
|
|a Алгебра
|2 stltpush
|3 (RuTPU)RU\TPU\subj\1723
|9 30429
|
| 606 |
1 |
|
|a Аналитическая геометрия
|2 stltpush
|3 (RuTPU)RU\TPU\subj\28991
|9 52410
|
| 610 |
1 |
|
|a векторы
|
| 610 |
1 |
|
|a координаты
|
| 610 |
1 |
|
|a прямые
|
| 610 |
1 |
|
|a плоскости
|
| 610 |
1 |
|
|a фигуры
|
| 610 |
1 |
|
|a матрицы
|
| 610 |
1 |
|
|a векторные пространства
|
| 610 |
1 |
|
|a системы линейных уравнений
|
| 610 |
1 |
|
|a евклидовы пространства
|
| 610 |
1 |
|
|a линейные операторы
|
| 610 |
1 |
|
|a квадратичные формы
|
| 610 |
1 |
|
|a задачи
|
| 675 |
|
|
|a 512(076)
|v 4
|
| 675 |
|
|
|a 514.12(076)
|v 4
|
| 700 |
|
1 |
|a Бурдун
|b А. А.
|g Алексей Александрович
|
| 701 |
|
1 |
|a Мурашко
|b Е. А.
|g Евдокия Антоновна
|
| 701 |
|
1 |
|a Феденко
|b А. С.
|g Анатолий Семенович
|
| 801 |
|
1 |
|a RU
|b 63413507
|c 20151110
|
| 801 |
|
2 |
|a RU
|b 63413507
|c 20190912
|g RCR
|
| 942 |
|
|
|c BK
|